You don't need a title to be a leader : how anyone, anywhere, can make a positive difference (Record no. 62263)

000 -LEADER
fixed length control field 00678nam a22001937a 4500
003 - CONTROL NUMBER IDENTIFIER
control field NUST-PNEC
005 - DATE AND TIME OF LATEST TRANSACTION
control field 20170116180743.0
008 - FIXED-LENGTH DATA ELEMENTS--GENERAL INFORMATION
fixed length control field 150106b xxu||||| |||| 00| 0 eng d
020 ## - INTERNATIONAL STANDARD BOOK NUMBER
International Standard Book Number 978-1151009807
040 ## - CATALOGING SOURCE
Transcribing agency PNEC
082 ## - DEWEY DECIMAL CLASSIFICATION NUMBER
Classification number 158.4 SAN
100 ## - MAIN ENTRY--PERSONAL NAME
9 (RLIN) 1184
Personal name Sanborn, Mark
245 ## - TITLE STATEMENT
Title You don't need a title to be a leader : how anyone, anywhere, can make a positive difference
Statement of responsibility, etc. Mark Sanborn
260 ## - PUBLICATION, DISTRIBUTION, ETC.
Place of publication, distribution, etc. New York :
Name of publisher, distributor, etc. Currency Doubleday,
Date of publication, distribution, etc. c2006.
300 ## - PHYSICAL DESCRIPTION
Extent 102 p.:
Dimensions 20 cm.
650 ## - SUBJECT ADDED ENTRY--TOPICAL TERM
General subdivision General
856 ## - ELECTRONIC LOCATION AND ACCESS
Uniform Resource Identifier <a href="http://www.amazon.com/You-Dont-Need-Title-Leader/dp/0385517475/ref=sr_1_1?s=books&ie=UTF8&qid=1420540098&sr=1-1&keywords=0385517475">http://www.amazon.com/You-Dont-Need-Title-Leader/dp/0385517475/ref=sr_1_1?s=books&ie=UTF8&qid=1420540098&sr=1-1&keywords=0385517475</a>
942 ## - ADDED ENTRY ELEMENTS (KOHA)
Source of classification or shelving scheme
Koha item type Book
Holdings
Withdrawn status Lost status Source of classification or shelving scheme Damaged status Not for loan Permanent Location Current Location Shelving location Date acquired Source of acquisition Cost, normal purchase price Total Checkouts Full call number Barcode Date last seen Date last checked out Cost, replacement price Price effective from Koha item type
          Pakistan Navy Engineering College (PNEC) Pakistan Navy Engineering College (PNEC)   05/28/2008 Library / Reference Grant 825.00 1 158.4 SAN PNECLIB-028656 03/14/2016 03/14/2016 825.00 05/28/2008 Book
© 2023 Central Library, National University of Sciences and Technology. All Rights Reserved.